Statystyki dla Polscy Raperzy na K

Kliknij tutaj aby rozwiązać quiz!

Ogólne statystyki

  • Ten quiz został rozwiązany 532 razy
  • Średni wynik to 4 z 15

Statystyki odpowiedzi

Raper% Poprawnych
Kali
70%
Kizo
63%
Kabe
50%
Kukon
46%
Kękę
45%
Kuban
43%
Kaz Bałagane
29%
Kubańczyk
26%
Kaen
21%
Kazior
7%
Kobik
7%
Kafar
5%
Kaczor BRS
1%
Książę Kapota
1%
kristophers
0%

Rozkład punktacji

Percentyl według liczby udzielonych odpowiedzi

Procent ludzi z każdym wynikiem

Twoja historia wyników

Nie rozwiązałeś tego quizu